Zákon o sociálnom poistení s komentárom

Zákon č. 461/2003 Z.z. o sociálnom poistení v znení ďalších zákonov ... a zákonov č. 2/2017 Z.z., č. 85/2017 Z.z. a č. 184/2017 Z.z.

Salvato in:
Dettagli Bibliografici
Autore principale: Matulková, Mariana
Natura: Capitolo di libro
Lingua:slovacco
Soggetti:
Tags: Aggiungi Tag
Nessun Tag, puoi essere il primo ad aggiungerne!!

MARC

LEADER 00000naa a2200000 4500
001 0235936
005 20170920134159.0
041 0 |a slo 
044 |a SK 
245 1 0 |a Zákon o sociálnom poistení s komentárom  |c Mariana Matulková 
520 |a Zákon č. 461/2003 Z.z. o sociálnom poistení v znení ďalších zákonov ... a zákonov č. 2/2017 Z.z., č. 85/2017 Z.z. a č. 184/2017 Z.z. 
610 2 0 |a poistenie sociálne 
610 2 0 |a vzťahy právne 
610 2 0 |a organizácia 
610 2 0 |a financovanie 
610 2 0 |a dozor štátny 
610 2 0 |a vymáhanie pohľadávok 
610 2 0 |a sporenie dôchodkové starobné 
610 2 0 |a zákony 
610 2 0 |a komentáre 
610 2 0 |a Slovensko 
610 2 0 |a 2003-2017 
100 1 |a Matulková, Mariana